00712nam a2200241 a 4500001001300000003000900013005001700022008004100039020002300080082001700103100001600120245004900136260003900185300000900224500003500233505001200268650002400280700001600304902000800320942000700328952011800335999001700453nice12345678IN_TiNIC20260116013249.0050524s1999 jaia grp 000 0 eng  a8170334 c27500a361.763bLAW aLawani, B T aNon-Government Organisations in Development. aJaipur bRawat Publications c1999 a259p aincludes index and biblioraphy2 aIndexes aSocial-Service-ngos1 aLawani, B T bSRS cBK 001040708StackRoom-aHMIbHMId2010-11-08g275.00l0o361.763 LAWp019677r2010-11-08v275.00w2005-05-24yBK c10309d10309